Bundesliga players 2024/25 - Statistics

General Stats
  • This quiz has been taken 103 times
  • The average score is 137 of 481
Answer Stats
Rank Player Positions Nationality Matches Goals Assists Clubs % Correct
6 Michael Olise MF, FW 34 12 15
90%
24 Joshua Kimmich DF, MF 33 3 7
86%
1 Alexander Nübel GK 34 0 1
85%
380 Florian Müller GK 9 0 0
85%
16 Granit Xhaka DF, MF 33 2 7
85%
26 Kevin Müller GK 33 0 0
85%
417 Marius Müller GK 6 0 0
85%
112 Thomas Müller MF, FW 30 1 4
85%
74 Harry Kane FW 31 26 9
84%
239 Manuel Neuer GK 22 0 0
84%
263 Dayot Upamecano DF 20 2 0
82%
11 Ritsu Doan DF, MF, FW 34 10 7
81%
12 Vincenzo Grifo MF, FW 34 8 11
81%
14 Benjamin Šeško MF, FW 33 13 5
79%
4 Ermedin Demirović MF, FW 34 15 1
79%
18 Hugo Ekitike FW 33 15 8
79%
23 Jonathan Tah DF 33 3 0
79%
43 Gregor Kobel GK 32 0 0
78%
98 Leroy Sané MF, FW 30 11 5
78%
22 Jeremie Frimpong DF, MF 33 5 5
77%
191 Jamal Musiala MF, FW 25 12 2
74%
178 Leon Goretzka MF 26 4 1
74%
85 Patrik Schick MF, FW 31 21 0
74%
111 Serhou Guirassy FW 30 21 4
74%
292 Keven Schlotterbeck DF 18 3 1
73%
28 Loïs Openda MF, FW 33 9 5
73%
228 Nico Schlotterbeck DF 23 0 4
73%
37 Álex Grimaldo DF 32 2 7
71%
38 Andrej Kramarić MF, FW 32 11 8
71%
152 Deniz Undav MF, FW 27 9 3
71%
72 Florian Wirtz MF, FW 31 10 12
71%
19 Hugo Larsson MF 33 3 1
71%
159 Kim Min-jae DF 27 2 0
71%
165 Serge Gnabry DF, MF, FW 27 7 5
71%
337 Gift Orban DF, FW 13 4 0
70%
107 Péter Gulácsi GK 30 0 0
70%
203 Willi Orban DF 25 5 0
70%
117 Edmond Tapsoba DF 29 0 0
68%
124 Lukáš Hrádecký GK 29 0 0
68%
58 Piero Hincapié DF, MF 32 2 2
68%
285 Victor Boniface FW 19 8 1
68%
39 Angelo Stiller MF 32 1 8
67%
45 Jamie Gittens MF, FW 32 8 3
67%
206 Exequiel Palacios MF 24 1 6
66%
143 Kingsley Coman MF, FW 28 5 4
66%
10 Ridle Baku DF, MF, FW 34 4 4
66%
204 Xavi Simons MF, FW 25 10 6
66%
96 Julian Brandt MF, FW 30 5 10
64%
193 Karim Adeyemi MF, FW 25 7 6
64%
396 Mathys Tel MF, FW 8 0 1
64%
147 Nick Woltemade MF, FW 28 12 2
64%
87 Ramy Bensebaini DF, MF 31 1 6
64%
123 Konrad Laimer DF, MF 29 2 2
63%
15 Chris Führich MF, FW 33 2 3
62%
69 Emre Can DF, MF 31 3 0
62%
3 Danilho Doekhi DF 34 1 1
60%
328 Josip Stanišić DF 14 0 2
60%
121 Julian Ryerson DF, MF 29 2 3
60%
180 Marcel Sabitzer DF, MF, FW 26 1 0
60%
7 Michael Zetterer GK 34 0 0
60%
230 Raphaël Guerreiro DF, MF 23 4 4
60%
131 Aleix García MF 28 3 4
59%
272 Alphonso Davies DF 19 1 2
59%
234 David Raum DF, MF, FW 22 1 5
59%
394 Jonas Urbig GK 8 0 0
59%
51 Matthias Ginter DF, MF 32 2 1
59%
90 Alassane Pléa MF, FW 30 11 4
58%
412 Hiroki Ito DF 6 1 0
58%
175 Kevin Kampl MF 26 1 0
58%
83 Maximilian Mittelstädt DF, MF, FW 31 1 7
58%
318 Niklas Süle DF 15 0 0
58%
187 Waldemar Anton DF, MF 26 2 2
58%
247 Aleksandar Pavlovic MF 21 1 0
56%
67 Christoph Baumgartner MF, FW 31 2 1
56%
252 Eric Dier DF, MF 21 2 1
56%
146 Maximilian Arnold MF 28 3 5
56%
148 Oliver Baumann GK 28 0 0
56%
297 João Palhinha MF 17 0 0
55%
120 Jonathan Burkardt MF, FW 29 18 2
55%
176 Kevin Trapp GK 26 0 0
55%
210 Mario Götze MF, FW 24 3 2
55%
125 Maximilian Beier MF, FW 29 8 5
55%
162 Nathan Tella DF, MF, FW 27 2 4
55%
299 Omar Marmoush MF, FW 17 15 9
55%
365 Jonas Hofmann MF, FW 11 2 1
52%
5 Kaishu Sano MF 34 0 0
52%
144 Lukas Klostermann DF 28 1 0
52%
84 Mohamed Amoura FW 31 10 9
52%
55 Philipp Hofmann FW 32 3 3
52%
88 Tim Kleindienst DF, FW 31 16 7
52%
40 Atakan Karazor DF, MF 32 2 4
51%
139 Frederik Rønnow GK 28 0 0
51%
231 Robert Andrich DF, MF 23 2 2
51%
66 Arthur Theate DF 31 0 0
49%
118 Enzo Millot MF, FW 29 6 5
49%
243 Salih Özcan MF 22 0 0
49%
260 Amine Adli MF, FW 20 2 0
48%
115 Christian Günter DF, MF 29 2 2
48%
172 Felix Nmecha MF, FW 26 4 1
48%
305 Gio Reyna MF, FW 16 2 0
48%
277 Lukas Nmecha MF, FW 19 3 0
48%
184 Noah Atubolu GK 26 0 0
48%
109 Robin Koch DF, MF 30 3 0
48%
479 Sven Ulreich GK 1 0 0
48%
437 Xaver Schlager MF 4 0 0
48%
75 Jonas Wind MF, FW 31 9 3
47%
78 Ko Itakura DF, MF 31 3 0
47%
102 Nadiem Amiri MF, FW 30 7 5
47%
311 André Silva FW 15 2 2
45%
216 Castello Lukeba DF 23 0 0
45%
95 Ellyes Skhiri MF 30 1 2
45%
76 Julian Chabot DF 31 3 1
45%
122 Kamil Grabara GK 29 0 0
45%
8 Patrick Mainka DF 34 1 1
45%
127 Paul Wanner MF, FW 29 3 2
45%
60 Robin Zentner GK 32 0 0
45%
2 Benedict Hollerbach MF, FW 34 9 1
44%
91 Ansgar Knauff DF, MF 30 4 5
42%
290 Florian Neuhaus MF 18 0 1
42%
341 Sacha Boey DF 13 0 2
42%
295 Stefan Bell DF 18 0 1
42%
133 Amadou Haidara MF, FW 28 0 1
41%
169 Christopher Trimmel DF, MF, FW 26 0 3
41%
157 Johannes Eggestein MF, FW 27 3 4
41%
25 Julian Weigl DF, MF 33 0 2
41%
29 Maximilian Eggestein MF 33 2 0
41%
52 Mitchell Weiser DF, MF, FW 32 5 9
41%
105 Pascal Groß DF, MF, FW 30 0 9
41%
56 Philipp Lienhart DF 32 1 0
41%
9 Phillip Tietz FW 34 7 2
41%
61 Romano Schmid MF, FW 32 5 4
41%
246 Yussuf Poulsen MF, FW 22 2 0
41%
439 Daniel Peretz GK 3 0 0
40%
348 Daniel Svensson DF, FW 12 1 3
40%
50 Marvin Ducksch FW 32 8 8
40%
199 Nico Elvedi DF 25 1 1
40%
89 Tom Bischof MF, FW 31 5 2
40%
274 Franck Honorat DF, MF, FW 19 4 7
38%
156 Jamie Leweling MF, FW 27 2 2
38%
46 Joe Scally DF 32 0 0
38%
173 Josha Vagnoman DF, MF 26 1 1
38%
382 Kauã Santos GK 9 0 0
38%
77 Kevin Stöger MF, FW 31 3 3
38%
59 Rani Khedira DF, MF 32 1 1
38%
114 Tuta DF, MF 30 2 1
38%
259 Yan Couto DF, MF, FW 21 0 0
38%
150 Adam Hložek MF, FW 27 8 4
37%
13 Anthony Caci DF 33 1 7
37%
119 Jackson Irvine MF 29 0 6
37%
142 Joakim Mæhle DF, MF 28 3 4
37%
80 Lucas Höler MF, FW 31 6 4
37%
200 Oliver Burke MF, FW 25 5 0
37%
126 Patrick Wimmer MF, FW 29 3 4
37%
108 Rasmus Kristensen DF 30 5 3
37%
141 Jens Stage MF 28 10 5
36%
183 Niklas Stark DF, MF 26 0 1
36%
164 Rocco Reitz MF 27 2 1
36%
326 Donyell Malen MF, FW 14 3 0
34%
42 Eric Smith DF, MF 32 1 1
34%
273 Finn Dahmen GK 19 0 0
34%
181 Marco Friedl DF, MF 26 0 0
34%
316 Martin Terrier MF, FW 15 2 1
34%
103 Nicolas Seiwald DF, MF 30 0 0
34%
32 Nikola Vasilj GK 33 0 0
34%
63 Shuto Machino MF, FW 32 11 2
34%
188 Antonio Nusa DF, MF 25 3 3
33%
94 Diogo Leite DF 30 1 2
33%
352 Jonas Omlin GK 12 0 0
33%
268 Michael Gregoritsch MF, FW 20 2 1
33%
312 Benjamin Henrichs DF, MF 15 0 2
32%
44 Ibrahima Sissoko DF, MF 32 2 1
32%
21 Jeffrey Gouweleeuw DF 33 1 4
32%
229 Niklas Dorsch MF 23 2 2
32%
428 Matej Kovar GK 5 0 0
30%
212 Pavel Kadeřábek DF, FW 24 2 0
30%
166 Silvan Widmer DF, MF, FW 27 0 1
30%
36 Adrian Beck MF, FW 32 4 1
29%
345 Andreas Skov Olsen DF, MF, FW 12 1 1
29%
349 El Bilal Touré MF, FW 12 2 1
29%
155 Jacob Bruun Larsen MF, FW 27 3 2
29%
27 Lee Jae-sung MF, FW 33 7 6
29%
209 Lutsharel Geertruida DF, MF 24 1 0
29%
49 Marius Wolf DF, MF, FW 32 1 3
29%
182 Nathaniel Brown DF, MF 26 3 6
29%
104 Omar Traoré DF 30 0 1
29%
86 Paul Nebel MF, FW 31 10 4
29%
64 Tiago Tomás MF, FW 32 6 1
29%
215 Amos Pieper DF 23 0 0
27%
135 Arne Maier MF 28 0 0
27%
334 Bazoumana Touré MF, FW 13 0 3
27%
138 Dominik Kohr DF, MF 28 2 0
27%
296 Frans Krätzig DF, MF 17 1 2
27%
218 Gerrit Holtmann DF, MF, FW 23 2 1
27%
17 Hauke Wahl DF 33 0 0
27%
57 Phillipp Mwene DF, MF 32 1 4
27%
62 Senne Lynen MF 32 0 1
27%
258 Stefan Lainer DF, MF 21 1 0
27%
136 Arthur Vermeeren MF 28 0 2
26%
262 Can Uzun MF, FW 20 4 1
26%
137 Dani de Wit MF, FW 28 2 1
26%
190 Danny da Costa DF, FW 25 0 1
26%
116 Denis Vavro DF 29 2 0
26%
171 Fares Chaïbi MF, FW 26 1 3
26%
97 Konstantinos Koulierakis DF 30 0 2
26%
383 Lovro Majer MF, FW 9 2 1
26%
282 Moritz Nicolas GK 19 0 0
26%
269 Nicolas Höfler MF 20 0 0
26%
344 Timo Horn GK 13 0 0
26%
167 András Schäfer MF 26 1 1
25%
261 Arthur DF 20 0 1
25%
73 Frank Onyeka MF 31 0 1
25%
466 Hannes Behrens DF 1 0 0
25%
140 Janik Haberer DF, MF, FW 28 0 0
25%
20 Jan Schöppner MF 33 4 3
25%
293 Kevin Behrens FW 18 1 0
25%
384 Mahmoud Dahoud MF 9 1 1
25%
320 Nordi Mukiele DF, FW 15 1 0
25%
457 Roland Sallai MF, FW 2 0 0
25%
186 Tom Rothe DF, MF 26 3 3
25%
444 Alexander Meyer GK 2 0 0
23%
132 Alexis Claude-Maurice MF, FW 28 9 2
23%
391 Elye Wahi FW 8 0 0
23%
235 Felix Agu DF, MF 22 3 0
23%
350 Finn Jeltsch DF 12 0 0
23%
353 Julien Duranville MF, FW 12 0 0
23%
47 Kevin Akpoguma DF, FW 32 0 0
23%
161 Leopold Querfeld DF 27 2 2
23%
208 Luca Netz DF, FW 24 0 2
23%
266 Mattias Svanberg MF, FW 20 3 1
23%
101 Matúš Bero MF, FW 30 5 2
23%
283 Myron Boadu FW 19 9 1
23%
106 Patrick Osterhage MF 30 1 0
23%
321 Robert Skov DF, MF, FW 15 2 2
23%
110 Samuel Essende FW 30 7 2
23%
248 Anthony Losilla MF 21 0 0
22%
459 Arijon Ibrahimović DF, MF, FW 1 0 0
22%
445 Ben Alexander Voll GK 2 0 0
22%
250 Bernardo DF, MF 21 0 0
22%
370 Carney Chukwuemeka MF, FW 10 1 0
22%
467 Ihlas Bebou DF, MF, FW 1 0 0
22%
238 Jakub Kamiński DF, MF, FW 22 0 2
22%
221 Jann-Fiete Arp MF, FW 23 2 0
22%
298 Josip Juranović DF, MF 17 0 1
22%
174 Justin Njinmah MF, FW 26 3 2
22%
294 Kevin Vogt DF, MF 18 1 0
22%
160 Leonardo Bittencourt MF, FW 27 2 1
22%
195 Lewis Holtby MF 25 0 1
22%
100 Marco Grüll MF, FW 30 6 1
22%
226 Marnon Busch DF, MF 23 0 1
22%
82 Marvin Pieringer MF, FW 31 7 4
22%
332 Miloš Veljković DF 14 0 1
22%
473 Mohamed Simakan DF 1 0 0
22%
211 Nnamdi Collins DF 24 1 1
22%
34 Robin Hack MF, FW 33 4 7
22%
149 Tomáš Čvančara FW 28 2 0
22%
134 Anthony Jung DF, MF, FW 28 0 0
21%
93 Chrislain Matsima DF, FW 30 1 1
21%
68 Dimitris Giannoulis DF 31 1 4
21%
336 Finn Ole Becker MF 13 0 1
21%
393 Florian Grillitsch DF, MF 8 0 0
21%
207 Jean Mattéo Bahoya MF, FW 24 2 3
21%
158 Jonas Föhrenbach DF 27 0 1
21%
434 Kevin Volland MF, FW 4 0 0
21%
227 Nelson Weiper DF, MF, FW 23 3 2
21%
113 Timo Becker DF, MF 30 0 2
21%
41 Benedikt Gimber DF 32 0 0
19%
448 Elif Elmas MF, FW 2 0 0
19%
217 Eren Dinkçi MF, FW 23 0 3
19%
237 Ivan Ordets DF 22 0 0
19%
192 Junior Adamu MF, FW 25 2 2
19%
145 Lukas Kübler DF, MF 28 5 1
19%
201 Ramon Hendriks DF 25 0 1
19%
302 Andrej Ilic FW 16 7 0
18%
92 Anton Stach DF, MF 30 1 2
18%
433 Cole Campbell MF, FW 4 0 0
18%
236 Haris Tabakovic FW 22 3 1
18%
351 Jan-Niklas Beste DF, MF, FW 12 0 1
18%
194 Léo Scienza MF, FW 25 3 3
18%
280 Merlin Röhl MF, FW 19 0 1
18%
376 Pascal Stenzel DF, MF 10 0 0
18%
185 Phil Harres FW 26 8 1
18%
129 Tim Oermann DF 29 0 2
18%
130 Yannick Gerhardt DF, MF, FW 29 1 1
18%
271 Alexander Bernhardsson MF, FW 19 7 2
16%
232 Andreas Hanche-Olsen DF 22 1 1
16%
313 Budu Zivzivadze FW 15 2 3
16%
347 Cristian Gamboa DF, MF 12 1 0
16%
446 Dan-Axel Zagadou DF 2 0 0
16%
153 Derrick Köhn DF, FW 27 2 2
16%
253 Fabian Rieder MF, FW 21 1 3
16%
354 Leonidas Stergiou DF 12 1 2
16%
240 Marvin Friedrich DF 22 0 1
16%
197 Max Rosenfelder DF 25 1 0
16%
375 Michy Batshuayi FW 10 3 0
16%
198 Morgan Guilavogui MF, FW 25 6 2
16%
257 Patrick Drewes GK 21 0 0
16%
478 Robin Gosens DF, MF, FW 1 0 0
16%
324 Aster Vranckx MF 14 0 0
15%
289 Elias Saad MF, FW 18 3 2
15%
265 Fredrik Jensen MF, FW 20 0 0
15%
451 Grischa Prömel MF 2 0 0
15%
275 Jordy Makengo DF 19 0 0
15%
276 Keke Maximilian Topp MF, FW 19 2 2
15%
48 Kilian Fischer DF, MF, FW 32 1 0
15%
79 Kristijan Jakić DF, MF 31 0 1
15%
179 Lukas Ullrich DF, FW 26 1 2
15%
99 Manolis Saliakas DF, MF 30 2 1
15%
54 Oladapo Afolayan MF, FW 32 3 1
15%
309 Tim Siersleben DF 16 0 0
15%
368 Yannik Keitel DF, MF 11 0 0
15%
214 Alexander Prass DF 23 0 1
14%
168 Arthur Chaves DF 26 1 0
14%
249 Bence Dárdai MF 21 1 1
14%
205 David Nemeth DF 24 0 1
14%
154 Elvis Rexhbeçaj MF, FW 27 1 1
14%
362 Emi Buendía MF, FW 11 2 0
14%
303 Erhan Mašović DF, MF 16 1 1
14%
405 Junior Dina Ebimbe DF, MF, FW 7 0 1
14%
255 Kiliann Sildillia DF, MF 21 2 0
14%
435 Mario Hermoso DF 4 0 0
14%
196 Marius Bülter DF, MF, FW 25 7 2
14%
30 Maximilian Wittek DF, MF, FW 33 0 0
14%
331 Maxim Leitsch DF 14 1 0
14%
281 Moritz Jenz DF 19 0 0
14%
284 Nathan N'Goumou MF, FW 19 2 1
14%
317 Nediljko Labrović GK 15 0 0
14%
242 Noah Weißhaupt DF, MF, FW 22 1 0
14%
476 Norman Theuerkauf DF, MF 1 0 0
14%
270 Oscar Højlund MF 20 1 0
14%
33 Philipp Treu DF, MF 33 0 2
14%
244 Stanley N'Soki DF 22 0 0
14%
202 Timon Weiner GK 25 0 0
14%
333 Tom Krauß MF 14 0 0
14%
346 Anrie Chase DF 12 0 0
12%
151 Armindo Sieb MF, FW 27 2 2
12%
65 Armin Gigovic MF 31 5 1
12%
170 Danel Sinani MF, FW 26 2 2
12%
70 Felix Passlack DF, MF 31 1 6
12%
306 Igor Matanovic FW 16 1 0
12%
414 Karim Onisiwo MF, FW 6 0 0
12%
367 Maximilian Bauer DF 11 0 0
12%
340 Mergim Berisha MF, FW 13 1 1
12%
267 Mert Kömür DF, MF 20 2 1
12%
409 Robert Gumny DF 7 0 0
12%
322 Sebastiaan Bornauw DF 15 2 1
12%
308 Steve Mounié FW 16 1 0
12%
441 Timothy Chandler DF, MF 3 0 0
12%
35 Tim Skarke DF, MF, FW 33 0 2
12%
480 Tobias Sippel GK 1 0 0
12%
410 Alexander Schwolow GK 6 0 0
11%
402 Ameen Al-Dakhil DF 7 0 0
11%
286 Anthony Rouault DF 18 1 0
11%
233 Cedric Zesiger DF 22 0 2
11%
371 Connor Metcalfe MF, FW 10 0 0
11%
264 Dennis Geiger MF, FW 20 0 0
11%
304 Fabio Chiarodia DF 16 1 0
11%
424 Gabriel Vidovic MF, FW 5 0 0
11%
372 Julián Malatini DF 10 1 1
11%
315 Lucas Tousart MF 15 0 1
11%
416 Maarten Vandevoordt GK 6 0 0
11%
406 Mads Pedersen DF, MF 7 0 0
11%
241 Mathias Honsak DF, MF, FW 22 5 1
11%
53 Nicolai Remberg MF 32 0 1
11%
386 Olivier Deman DF 9 0 0
11%
163 Philipp Sander MF 27 1 0
11%
398 Ruben Vargas MF, FW 8 0 0
11%
430 Tiago Cardoso GK 5 0 0
11%
443 Adam Aznou DF 2 0 0
10%
390 Diadie Samassékou MF 8 0 0
10%
251 El Chadaille Bitshiabu DF, MF 21 0 0
10%
327 Giorgos Masouras MF, FW 14 2 1
10%
363 Johan Manzambi MF, FW 11 2 1
10%
470 Jonah Kusi-Asare FW 1 0 0
10%
373 Karol Mets DF, MF 10 0 0
10%
453 Kevin Paredes MF, FW 2 0 1
10%
307 Lennard Maloney MF 16 0 0
10%
355 Marvin Schulz DF, MF 12 0 0
10%
385 Mikkel Kaufmann FW 9 0 0
10%
357 Niels Nkounkou DF, MF 12 0 0
10%
128 Sirlord Conteh MF, FW 29 1 1
10%
213 Steven Skrzybski DF, MF, FW 24 6 3
10%
310 Aljoscha Kemlein MF 15 1 0
8%
438 Assan Ouedraogo MF 3 0 0
8%
325 David Jurásek DF 14 0 1
8%
71 Finn Porath DF, MF 31 2 3
8%
379 Florent Muslija MF, FW 9 0 0
8%
222 Jeong Woo-yeong MF, FW 23 3 2
8%
455 Lasse Rieß GK 2 0 0
8%
366 Leo Skiri Østigård DF 11 0 0
8%
427 Luca Jaquez DF 5 0 0
8%
31 Moritz Broschinski MF, FW 33 1 3
8%
343 Stefan Schimmer MF, FW 13 0 0
8%
301 Adam Dźwigała DF, MF 16 0 0
7%
288 David Zec DF 18 2 0
7%
220 Jakov Medić DF 23 1 0
7%
404 Jérôme Roussillon DF, MF 7 0 0
7%
364 John Tolkin DF, MF 11 0 2
7%
454 Kjell-Arik Wätjen MF, FW 2 0 0
7%
374 Kosta Nedeljković DF 10 0 0
7%
177 Lasse Rosenboom DF 26 2 2
7%
223 László Bénes MF, FW 23 2 1
7%
224 Luca Kerber DF, MF 23 2 0
7%
415 Luca Philipp GK 6 0 0
7%
407 Mads Roerslev DF 7 0 0
7%
225 Marko Ivezić DF 23 0 0
7%
456 Maximilian Philipp MF, FW 2 0 0
7%
474 Nikolas Nartey DF, MF 1 0 0
7%
397 Noahkai Banks DF 8 0 0
7%
377 Patrick Erras DF, MF, FW 10 1 0
7%
358 Robert Wagner MF 12 0 0
7%
436 Robin Hranáč DF 4 0 0
7%
359 Scott Banks MF, FW 12 0 0
7%
360 Skelly Alvero MF 12 0 0
7%
387 Thomas Dähne GK 9 0 0
7%
399 Tidiam Gomis MF, FW 8 0 1
7%
361 Umut Tohumcu DF, MF, FW 12 0 1
7%
245 Valentin Gendrey DF 22 1 1
7%
300 Yorbe Vertessen MF, FW 17 1 0
7%
389 Aurele Amenda DF 8 0 0
5%
287 Benedikt Pichler FW 18 1 2
5%
450 Grant Ranos MF, FW 2 0 0
5%
403 James Sands DF, MF 7 0 0
5%
426 Jeanuël Belocian DF, MF 5 0 0
5%
338 Marin Ljubicic MF, FW 13 1 1
5%
339 Maximilian Breunig MF, FW 13 2 0
5%
356 Max Moerstedt FW 12 0 0
5%
408 Moritz-Broni Kwarteng MF, FW 7 0 0
5%
319 Nikolas Veratschnig DF, MF 15 0 0
5%
429 Samuel Bamba MF, FW 5 0 0
5%
431 Yusuf Kabadayı MF, FW 5 1 0
5%
421 Almugera Kabar DF 5 0 0
4%
323 Andreas Albers FW 14 1 0
4%
411 Arnaud Nordin MF, FW 6 0 0
4%
461 Ayman Azhil MF 1 0 0
4%
189 Carlo Boukhalfa MF 25 2 0
4%
422 David Preu DF, MF 5 0 0
4%
449 Frank Feller GK 2 0 0
4%
219 Hong Hyunseok MF 23 0 1
4%
425 Ivan Prtajin FW 5 0 0
4%
395 Julian Niehues MF 8 0 0
4%
413 Justin Diehl DF, MF, FW 6 1 0
4%
314 Koji Miyoshi MF, FW 15 1 0
4%
256 Lars Ritzka DF, MF 21 1 0
4%
81 Magnus Knudsen MF 31 0 1
4%
458 Tim Breithaupt MF 2 0 1
4%
442 Yannik Lührs DF 3 0 0
4%
420 Aliou Badara Baldé DF, MF, FW 5 0 0
3%
460 Arne Engels DF, MF 1 0 0
3%
462 Denis Thomalla MF, FW 1 0 0
3%
464 Finley Stevens DF 1 0 0
3%
381 Issa Kaboré DF, MF, FW 9 0 0
3%
291 Jordan Pefok FW 18 0 1
3%
329 Lukas Daschner MF, FW 14 1 1
3%
278 Marco Komenda DF 19 0 0
3%
330 Mats Pannewig MF 14 0 0
3%
418 Shiō Fukuda MF, FW 6 1 0
3%
342 Siebe Van Der Heyden DF, MF 13 1 0
3%
419 Thomas Keller DF, MF, FW 6 0 0
3%
378 Tymoteusz Puchacz DF 10 0 1
3%
401 Abdoulie Ceesay FW 7 0 0
1%
388 Andu Kelati DF, MF 8 1 1
1%
432 Aymen Barkok DF, MF, FW 4 0 0
1%
440 David Odogu DF 3 0 0
1%
335 Dominik Javorček DF, MF 13 0 2
1%
463 Faik Sakar MF 1 0 0
1%
254 Henri Koudossou DF 21 0 0
1%
452 Ifechukwu Ogbus DF 2 0 0
1%
472 Maurides FW 1 0 0
1%
279 Max Geschwill DF 19 1 2
1%
481 Viggo Gebel MF 1 0 0
1%
369 Carl Johansson DF 10 0 0
0%
447 David Mokwa DF, FW 2 0 0
0%
392 Erencan Yardimci MF, FW 8 0 0
0%
423 Erik Ahlstrand MF, FW 5 0 0
0%
465 Florian Micheler MF 1 0 0
0%
468 Ivan Nekić DF 1 0 0
0%
469 Jarzinho Malanga DF 1 0 0
0%
471 Kacper Koscierski DF 1 0 0
0%
475 Noah Pesch FW 1 0 0
0%
477 Paul Hennrich MF 1 0 0
0%
400 Tim Drexler DF 8 0 0
0%
No matching quizzes found
Score Distribution
Percent of People with Each Score
Percentile by Number Answered
Your Score History
You have not taken this quiz